Central Library OPAC University of Rajshahi

Introduction to the theory of finite groups / (Record no. 8171)

MARC details
000 -LEADER
fixed length control field 00824cam a22002651 4500
001 - CONTROL NUMBER
control field 8171
003 - CONTROL NUMBER IDENTIFIER
rucl marc code BD-RjUL
005 - DATE AND TIME OF LATEST TRANSACTION
control field 20211208234533.0
008 - FIXED-LENGTH DATA ELEMENTS--GENERAL INFORMATION
fixed length control field 180114s1961 stka b 000 0 eng
035 ## - SYSTEM CONTROL NUMBER
System control number (BD-RjUL)8216
040 ## - CATALOGING SOURCE
Original cataloging agency DLC/ICU
Transcribing agency ICU
Modifying agency DLC
-- BD-RjUL
Language of cataloging eng
041 ## - LANGUAGE CODE
Language code of text/sound track or separate title eng
082 00 - DEWEY DECIMAL CLASSIFICATION NUMBER
Classification number 512.23
Edition number 23
Author mark and year LEI 1961
100 1# - MAIN ENTRY--PERSONAL NAME
Personal name Ledermann, Walter,
Dates associated with a name 1911-2009.
9 (RLIN) 25453
245 10 - TITLE STATEMENT
Title Introduction to the theory of finite groups /
Statement of responsibility, etc. W Ledermann.
250 ## - EDITION STATEMENT
Edition statement [4th rev. ed.].
260 ## - PUBLICATION, DISTRIBUTION, ETC. (IMPRINT)
Place of publication, distribution, etc. Edinburgh ;
Name of publisher, distributor, etc. Oliver and Boyd;
Place of publication, distribution, etc. New York :
Name of publisher, distributor, etc. Interscience Publishers,
Date of publication, distribution, etc. c1961.
300 ## - PHYSICAL DESCRIPTION
Pagination ix, 174 p. :
Illustrations diagrs. ;
Size 20 cm.
504 ## - BIBLIOGRAPHY, ETC. NOTE
Bibliography, etc Bibliography: p. 171.
650 #0 - SUBJECT ADDED ENTRY--TOPICAL TERM
Topical term or geographic name as entry element Finite groups.
9 (RLIN) 20716
942 ## - ADDED ENTRY ELEMENTS (KOHA)
Source of classification or shelving scheme Dewey Decimal Classification
Koha item type Books
Holdings
Lost status Source of classification or shelving scheme Damaged status Not for loan Permanent Location Current Location Date acquired Source of acquisition Cost, normal purchase price Total Checkouts Full call number Date last seen Copy number Koha item type
  Dewey Decimal Classification     Central Library, University of Rajshahi Central Library, University of Rajshahi 10/08/1981 N/A 0.00   512.23 LEI 1961 18/01/2014 C-3 Books